Łańcuch piłkarzy - zdjęcia #7 - Statystyki

Ogólne statystyki
  • Ten quiz został rozwiązany 49 razy
  • Średni wynik to 9 z 20
Statystyki odpowiedzi
Obrazkowy Odpowiedź % Poprawnych
Arjen Robben
98%
Francesco Totti
93%
Michel Platini
87%
Anthony Martial
76%
Leon Goretzka
67%
Carlo Ancelotti
57%
Kevin Kampl
57%
Radja Nainggolan
57%
Igor Angulo
54%
Diego Milito
52%
Andrzej Niedzielan
43%
Raul Albiol
35%
Tiago
30%
Vincent Enyeama
28%
Jean Tigana
26%
Geremi
20%
Karl-Heinz Rummenigge
20%
Patrice Loko
7%
Darius Olaru
2%
Meho Kodro
2%
Nie znaleziono quizów pasujących do podanych kryteriów
Rozkład punktacji
Procent ludzi z każdym wynikiem
Percentyl według liczby udzielonych odpowiedzi
Twoja historia wyników
Nie rozwiązałeś tego quizu